000 00428nam a22001457a 4500
999 _c7734
_d7732
005 20210323114859.0
008 210323b ||||| |||| 00| 0 eng d
082 _a345.408 23
100 _aMANOHAR AND CHITALEY
_96503
245 _aTHE AIR MANUAL UNREPEALED CENTRAL ACTS [CIVIL AND CRIMINAL] [ACT,1966 TO 1918]
260 _aNAGPUR
_bTHE ALL INDIA REPORTER PVT, LTD .
300 _a1279,p
650 _aLAW
_95701
942 _cJRL